000 00338pab a2200145 454500
008 180718b1988 xxu||||| |||| 00| 0 eng d
100 _aDev, S.K.
245 _aPakistan - India
_bConfrontation to conviviality
260 _c1988
300 _a9-10,14
362 _a31 Dec.
650 _aDemocracy
773 _aMainstream
909 _a7160
999 _c7160
_d7160